| 000 -LEADER |
| fixed length control field |
01456nam a2200229Ia 4500 |
| 001 - CONTROL NUMBER |
| control field |
10490 |
| 003 - CONTROL NUMBER IDENTIFIER |
| control field |
GE_BSU |
| 008 - FIXED-LENGTH DATA ELEMENTS--GENERAL INFORMATION |
| fixed length control field |
181216s||||||||xx |||||||||||||| ||und|| |
| 040 ## - CATALOGING SOURCE |
| Transcribing agency |
GE_BSU |
| 080 ## - UNIVERSAL DECIMAL CLASSIFICATION NUMBER |
| Universal Decimal Classification number |
821.353.1-1 |
| 245 ## - TITLE STATEMENT |
| Title |
ქართული პოეზია. 15 ტომად:ტ.5.იოსებ სააკაძე;ვახტანგ მეექვსე;მამუკა ბარათაშვილი;დიმიტრი სააკაძე,თეიმურაზ მეორე |
| 245 ## - TITLE STATEMENT |
| Remainder of title |
ბესიკი;ნარგიზოვანი;მანანა;გოდერძი ფირალიშვილი |
| 245 ## - TITLE STATEMENT |
| Statement of responsibility, etc. |
სარედ. კოლ.: გრ. აბაშიძე, ან. კალანდაძე, მ. ლებანიძე და სხვ.ტომი შეადგ.ლევან მენაბდემ.მხატვ.დ.დუნდუა.რედ ა. ბრეგაძე |
| 260 ## - PUBLICATION, DISTRIBUTION, ETC. |
| Place of publication, distribution, etc. |
თბილისი |
| 260 ## - PUBLICATION, DISTRIBUTION, ETC. |
| Name of publisher, distributor, etc. |
ნაკადული |
| 260 ## - PUBLICATION, DISTRIBUTION, ETC. |
| Date of publication, distribution, etc. |
1976 |
| 300 ## - PHYSICAL DESCRIPTION |
| Extent |
623გვ;18სმ. |
| 300 ## - PHYSICAL DESCRIPTION |
| Dimensions |
ლექსიკონი გვ.572-618 |
| 653 ## - INDEX TERM--UNCONTROLLED |
| Uncontrolled term |
იოსებ სააკაძე;ვახტანგ მეექვსე;მამუკა ბარათაშვილი;დიმიტრი სააკაძე,თეიმურაზ მეორე |
| 653 ## - INDEX TERM--UNCONTROLLED |
| Uncontrolled term |
ქართული პოეზია |
| 942 ## - ADDED ENTRY ELEMENTS (KOHA) |
| Koha item type |
წიგნი |